Sports Quiz

Random Sports or Cricket Quiz

Cricket First Class High Scores Quiz Stats

 Plays Quiz not verified by Sporcle

Score 0/38 Timer 08:00
0 Plays Today
Score Player % Correct
501*Brian Lara
100%
400*Brian Lara
100%
375Brian Lara
100%
452*Donald Bradman
91.1%
369Donald Bradman
91.1%
357Donald Bradman
91.1%
380Matthew Hayden
89.9%
364Len Hutton
81%
365Garry Sobers
77.5%
374Mahela Jayawardene
75.5%
499 Hanif Mohammad
74.1%
405*Graeme Hick
68.6%
437 Bill Ponsford
57.9%
429 Bill Ponsford
57.9%
352Bill Ponsford
57.9%
356Barry Richards
52.2%
355*Kevin Pietersen
51.3%
352Cheteshwar Pujara
51.3%
385Bert Sutcliffe
48.1%
Score Player % Correct
355Bert Sutcliffe
48.1%
359Bobby Simpson
43.4%
353VVS Laxman
38%
424 Archie MacLaren
33.7%
390Stephen Cook
27.7%
366Neil Fairbrother
26.8%
443*Bhausaheb Nimbalkar
19.3%
365*Clem Hill
15.9%
377Sanjay Manjrekar
15.3%
355*Geoff Marsh
15.3%
428 Aftab Baloch
15%
359*Vijay Merchant
14.1%
394Naved Latif
10.1%
383Charles Gregory
10.1%
357*Bobby Abel
8.4%
366Maturi Sridhar
6.6%
351*Swapnil Gugale
3.9%
359*Samit Gohel
1.3%
351Kithuruwan Vithanage
1.3%

You're not logged in!

Compare scores with friends on all Sporcle quizzes.
OR
Log In

Sporcle TV

Today on Sporcle TV


Watch our educational content, quiz creation guides, and fun videos on Sporcle TV.

Show Comments

Extras

Created Oct 26, 2010SourceReportNominate
Tags:Cricket Quiz

Top Quizzes Today


Score Distribution

Your Account Isn't Verified!

In order to create a playlist on Sporcle, you need to verify the email address you used during registration. Go to your Sporcle Settings to finish the process.

Report this User

Report this user for behavior that violates our Community Guidelines.

Details: